| 000 | 00528nam a2200169 i 4500 | ||
|---|---|---|---|
| 001 | 35806 | ||
| 003 | ES-MaACL | ||
| 005 | 20230906155223.0 | ||
| 007 | t| | ||
| 008 | 030214s1969 sp ||||1| spa d | ||
| 100 | 1 |
_aBoulenger, J. _930911 |
|
| 245 | 1 | 3 |
_aLa informática como instrumento de gestión / _cpor J. Boulenger ; traducido por J. Echarri Muller. |
| 260 |
_a[Madrid] : _bIbérico Europea, _c1969. |
||
| 300 |
_a2 v. : _bil. ; _c22 cm. |
||
| 700 | 1 |
_aEcharri Muller, J. _946497 |
|
| 852 |
_aES-MaACL _jC-47298-9 _bR.71257 |
||
| 999 |
_c35806 _d35806 |
||